ՀՀ Գիտությունների ազգային ակադեմիայի հիմնարար գիտական գրադարան  =   Fundamental Scientific Library of NAS RA

Փարիզահայ տարեցոյց 1943 թուականին Քրիստոսի / (Record no. 162849)

MARC details
000 -LEADER
fixed length control field 00692nam a2200205 a 4500
001 - CONTROL NUMBER
control field 000439066
003 - CONTROL NUMBER IDENTIFIER
control field AM-YeHGA
005 - DATE AND TIME OF LATEST TRANSACTION
control field 20250618072450.0
008 - FIXED-LENGTH DATA ELEMENTS--GENERAL INFORMATION
fixed length control field 050531s1943 ai 000 | arm d
040 ## - CATALOGING SOURCE
Original cataloging agency AM-YeHGA
041 0# - LANGUAGE CODE
Language code of text/sound track or separate title arm
-- fre
090 ## - LOCALLY ASSIGNED LC-TYPE CALL NUMBER (OCLC); LOCAL CALL NUMBER (RLIN)
-- 164263
245 00 - TITLE STATEMENT
Title Փարիզահայ տարեցոյց 1943 թուականին Քրիստոսի /
Statement of responsibility, etc. Պատր.՝ Գ. քհն. Նիզամեան.
260 ## - PUBLICATION, DISTRIBUTION, ETC.
Place of publication, distribution, etc. Փարիզ :
Name of publisher, distributor, etc. տպ. Մաթիկեան,
Date of publication, distribution, etc. 1943.
300 ## - PHYSICAL DESCRIPTION
Extent Տարի ;
Dimensions 16 սմ.
505 10 - FORMATTED CONTENTS NOTE
Miscellaneous information Տարի Ա. (1943, 80 էջ)
546 ## - LANGUAGE NOTE
Language note Տեքստը՝ հայ. և ֆրանս.
650 14 - SUBJECT ADDED ENTRY--TOPICAL TERM
Topical term or geographic name entry element Տարեցույց
9 (RLIN) 4409
700 1# - ADDED ENTRY--PERSONAL NAME
Personal name Նիզամեան, Գէորգ
Relator term պատր.
Relationship com
Holdings
Withdrawn status Lost status Damaged status Not for loan Collection Home library Current library Date acquired Cost, normal purchase price Serial enumeration / chronology Total checkouts Full call number Barcode Date last seen Price effective from Koha item type Public note
        General Fundamental Scientific Library Fundamental Scientific Library 28/12/2016 4.00 1   AII/1300 FL0029385 28/12/2016 28/12/2016 Գրքեր / Books 30 Days Loan


ՀՀ ԳԱԱ հիմնարար գիտական գրադարան
ՀՀ,Երևան 0019
Մարշալ Բաղրամյան 24/6
հեռախոս:(374-10) 52-47-50
Հետադարձ կապ

All site content, except where otherwise noted, is licensed under a
Creative Commons License